01211nam a2200301Ia 4500001000700000003000500007008004100012010001100053040000900064090001600073100004000089245017900129260004100308300001800349502007600367650003100443650003100474650002700505650003300532901001600565902000600581910000900587942000600596942000600602999001900608952014100627952014100768Z_2359CHAP220113s1993 xx 000 0 und d a165416 cCHAP aTesis L 869 aLeal Zamorano, Magda Carlota965323 aCaracterísticas del proceso de producción de veza común (Vicia sativa L.) en la región Tingüindín-Tocumbo-Cotija, Michoacán /cpor Magda Carlota Leal Zamorano aChapingo, Méx. :bEl autor,c1993 a86 h. : anexo aTesis (Ing. Agr. Esp. en Zootecnia) -- UACH. Departamento de Zootecnia aArvejaxMichoacán 97794 aArvejaxRendimiento 97798 aArvejaxSemilla 97799 aForrajesxRendimiento942593 aTESIS L 869 aM a1993 c2 c2 c165416d165416 00102local4051708TESISaZbZd2005-11-09eEl autorl0oTesis L43 869 1993p5101001255r2022-01-18 00:00:00tEj.1w2022-01-18yTESIS 00102local4055708TESISaZbZd2005-11-09eEl autorl0oTesis L43 869 1993p5101001256r2022-01-18 00:00:00tEj.2w2022-01-18yTESIS